Ancient peoples of the American Southwest / (Record no. 1186)

MARC details
000 -LEADER
fixed length control field 01005cam a2200313 a 4500
005 - DATE AND TIME OF LATEST TRANSACTION
control field 20260322212050.0
008 - FIXED-LENGTH DATA ELEMENTS--GENERAL INFORMATION
fixed length control field data
010 ## - LIBRARY OF CONGRESS CONTROL NUMBER
LC control number 96061017
020 ## - INTERNATIONAL STANDARD BOOK NUMBER
International Standard Book Number 0500021163
020 ## - INTERNATIONAL STANDARD BOOK NUMBER
International Standard Book Number 9780500021163
040 ## - CATALOGING SOURCE
Original cataloging agency NNM
Transcribing agency NNM
Modifying agency DLC
042 ## - AUTHENTICATION CODE
Authentication code lccopycat
043 ## - GEOGRAPHIC AREA CODE
Geographic area code n-ust--
050 00 - LIBRARY OF CONGRESS CALL NUMBER
Classification number E78.S7
Item number P556 1997
082 00 - DEWEY DECIMAL CLASSIFICATION NUMBER
Classification number 979/.01
Edition information 21
092 ## - LOCALLY ASSIGNED DEWEY CALL NUMBER (OCLC)
Classification number 979 P556 1997
001 - CONTROL NUMBER
control field data
100 1# - MAIN ENTRY--PERSONAL NAME
Personal name Plog, Stephen.
245 10 - TITLE STATEMENT
Title Ancient peoples of the American Southwest /
Statement of responsibility, etc. Stephen Plog.
260 ## - PUBLICATION, DISTRIBUTION, ETC.
Place of publication, distribution, etc. New York, N.Y. :
Name of publisher, distributor, etc. Thames and Hudson,
Date of publication, distribution, etc. 1997.
300 ## - PHYSICAL DESCRIPTION
Extent 224 p. :
Other physical details ill. (some col.), maps ;
Dimensions 25 cm.
490 1# - SERIES STATEMENT
Series statement Ancient peoples and places
504 ## - BIBLIOGRAPHY, ETC. NOTE
Bibliography, etc. note Includes bibliographical references (p. 211-218) and index.
650 #0 - SUBJECT ADDED ENTRY--TOPICAL TERM
Topical term or geographic name entry element Indians of North America
Geographic subdivision Southwest, New
General subdivision History.
650 #0 - SUBJECT ADDED ENTRY--TOPICAL TERM
Topical term or geographic name entry element Indians of North America
Geographic subdivision Southwest, New
General subdivision Antiquities.
651 #0 - SUBJECT ADDED ENTRY--GEOGRAPHIC NAME
Geographic name Southwest, New
General subdivision History.
651 #0 - SUBJECT ADDED ENTRY--GEOGRAPHIC NAME
Geographic name Southwest, New
General subdivision Antiquities.
830 #0 - SERIES ADDED ENTRY--UNIFORM TITLE
Uniform title Ancient peoples and places (Thames and Hudson)
Holdings
Withdrawn status Lost status Damaged status Not for loan Home library Current library Shelving location Date acquired Total checkouts Full call number Barcode Date last seen Price effective from Koha item type
        Centerville Centerville General stacks 22/03/2026   979/.01 21 BC0011225 22/03/2026 22/03/2026 Books